| Tag |
First Indicator |
Second Indicator |
Subfields |
| LEADER |
00000cam a2200000 a 4500 |
| 001 |
in00000012630 |
| 005 |
20151007051853.0 |
| 008 |
870312s1987 nyuac b 00110 eng |
| 010 |
|
|
|a 87007519
|
| 020 |
|
|
|a 0313256292 (lib. bdg. : alk. paper)
|
| 035 |
|
|
|a (OCoLC)15428639
|
| 035 |
|
|
|9 AAA5204AM
|
| 040 |
|
|
|a DLC
|c DLC
|d TXA
|d UtOrBLW
|
| 049 |
|
|
|a TXAM
|c [A11034849]
|
| 050 |
0 |
0 |
|a PS1541.Z5
|b L37 1987
|
| 082 |
0 |
|
|a 811/.4/09
|2 19
|
| 100 |
1 |
|
|a Leder, Sharon.
|
| 245 |
1 |
4 |
|a The language of exclusion :
|b the poetry of Emily Dickinson and Christina Rossetti /
|c Sharon Leder with Andrea Abbott.
|
| 264 |
|
1 |
|a New York :
|b Greenwood Press,
|c 1987.
|
| 300 |
|
|
|a xii, 238 pages :
|b illustrations, portraits ;
|c 25 cm.
|
| 336 |
|
|
|a text
|b txt
|2 rdacontent
|
| 337 |
|
|
|a unmediated
|b n
|2 rdamedia
|
| 338 |
|
|
|a volume
|b nc
|2 rdacarrier
|
| 490 |
1 |
|
|a Contributions in women's studies,
|x 0147-104X ;
|v no. 83
|
| 504 |
|
|
|a Bibliography: pages [211]-217.
|
| 500 |
|
|
|a Includes indexes.
|
| 600 |
1 |
0 |
|a Dickinson, Emily,
|d 1830-1886
|x Criticism and interpretation.
|
| 600 |
1 |
0 |
|a Rossetti, Christina Georgina,
|d 1830-1894
|x Criticism and interpretation.
|
| 650 |
|
0 |
|a Women and literature.
|
| 650 |
|
0 |
|a Feminism and literature.
|
| 650 |
|
0 |
|a Sex role in literature.
|
| 650 |
|
0 |
|a Comparative literature
|x American and English.
|
| 650 |
|
0 |
|a Comparative literature
|x English and American.
|
| 700 |
1 |
|
|a Abbott, Andrea.
|
| 830 |
|
0 |
|a Contributions in women's studies ;
|v no. 83.
|
| 999 |
|
|
|a MARS
|
| 999 |
f |
f |
|s bb614a2c-e9bb-32ea-8f8a-cb99815a2225
|i b47719f3-a712-30ab-be7d-39589e464145
|t 0
|
| 952 |
f |
f |
|p ric
|a Texas A&M University
|b Rellis Campus
|c Joint Library Facility
|d Remote Storage
|t 0
|e PS1541.Z5 L37 1987
|h Library of Congress classification
|i unmediated -- volume
|m A14811034849
|
| 998 |
f |
f |
|a PS1541.Z5 L37 1987
|t 0
|l Remote Storage
|